| 000 | 01496nam a2200325Ia 4500 | ||
|---|---|---|---|
| 999 |
_c54255 _d54255 |
||
| 001 | 21311 | ||
| 003 | GE_BSU | ||
| 005 | 20210911181304.0 | ||
| 008 | 181216s2016||||ru |||||||||||||| ||rus|| | ||
| 020 | _a9785160126418 | ||
| 040 | _cGE_BSU | ||
| 041 | _arus | ||
| 080 | _a339(075.4) A-90 | ||
| 245 |
_aАСЕАН-Движущая сила интеграции в Азии : _bМонография / _cИ. И. Шувалов, Т. Я. Хабриева, А. Я. Капустин и др. ; Ответств. ред. Хабриева Т. Я. |
||
| 264 |
_aМосква : _bИнфра-М, _c2016. |
||
| 300 |
_a250 стр. ; _c 22 см. |
||
| 541 | _h63 Л. | ||
| 653 | _aАСЕАН-Движущая сила интеграции в Азии | ||
| 653 | _aМонография | ||
| 653 | _aТорговля | ||
| 653 | _aМеждународные экономические отношения | ||
| 653 | _aვაჭრობა | ||
| 653 | _aსაერთაშორისო ეკონომიკური ურთიერთობანი | ||
| 700 |
_aШувалов, И. И. _cАвтор _912459 |
||
| 700 |
_aХабриева, Т. Я. _cАвтор _912460 |
||
| 700 |
_aКапустин, А. Я. _cАвтор _912461 |
||
| 700 |
_aХабриева Т. Я. _cОтветств. редактор _912462 |
||
| 710 |
_aИнст-т законодательства и сравнительного правоведения при правит-е РФ _912463 |
||
| 942 |
_cBK _2udc |
||